Should the Voting Age be Lowered? : (Record no. 615957)

MARC details
000 -LEADER
fixed length control field 00507nam a2200181 a 4500
008 - FIXED-LENGTH DATA ELEMENTS--GENERAL INFORMATION
fixed length control field 260227s2008##################000#0#eng##
020 ## - INTERNATIONAL STANDARD BOOK NUMBER
ISBN 9780737739367
082 04 - DEWEY DECIMAL CLASSIFICATION NUMBER
Classification number 324.62
Item number LAN
100 1# - MAIN ENTRY--AUTHOR NAME
Personal name (Jr.), Ronald D. Lankford,
245 10 - TITLE STATEMENT
Title Should the Voting Age be Lowered? :
260 ## - PUBLICATION, DISTRIBUTION, ETC. (IMPRINT)
Name of publisher Greenhaven Publishing,
Year of publication 2008.
650 #0 - SUBJECT ADDED ENTRY--TOPICAL TERM
Topical Term Young Adult Nonfiction.
942 ## - ADDED ENTRY ELEMENTS (KOHA)
Koha item type English Books
Holdings
Withdrawn status Lost status Damaged status Not for loan Home library Current library Shelving location Date acquired Full call number Accession Number Price effective from Koha item type
        Anna Centenary Library Anna Centenary Library 3RD FLOOR, B WING 27.02.2026 324.62 LAN 203016 27.02.2026 English Books

Find us on the map